| 000 | 00729nam a22003017a 4500 | ||
|---|---|---|---|
| 005 | 20240307135938.0 | ||
| 008 | 180925b xxu||||| |||| 00| 0 spa d | ||
| 020 | _a9789506418915 | ||
| 041 | _aESP | ||
| 082 | _a658.8 L685m | ||
| 100 |
_aLeyva, Ada _949886 |
||
| 245 | _aMarketing en esencia: gestiona tu marca personal, profesional y empresarial | ||
| 260 | _aArgentina | ||
| 260 | _bEdiciones Granica | ||
| 260 | _c2016 | ||
| 300 | _a176 páginas | ||
| 650 | _aMARKETING | ||
| 650 | _aMERCADEO | ||
| 650 | _aINNOVACIÓN | ||
| 650 | _aCLIENTES | ||
| 650 | _aNEUROMARKETING | ||
| 650 | _aTECNOLOGÍAS | ||
| 650 | _aPUBLICIDAD | ||
| 942 |
_cBK _2ddc |
||
| 999 |
_c11170 _d11170 |
||